[Event "Schleswig Holstein-ch Seniors op"]
[Site "Buesum"]
[Date "2014.10.03"]
[Round "9"]
[White "Hoelzel, Gerhard"]
[Black "Boettcher, Elke"]
[Result "0-1"]
[WhiteElo "1550"]
[BlackElo "1753"]
[PlyCount "116"]
[EventDate "2014.09.25"]
[EventType "swiss"]
[EventRounds "9"]
[EventCountry "GER"]
[SourceTitle "EXT 2018"]
[Source "ChessBase"]
[SourceDate "2017.10.13"]
[SourceVersion "1"]
[SourceVersionDate "2017.10.13"]
[SourceQuality "1"]

1. d4 d5 2. c4 e6 3. Nf3 Nf6 4. Nc3 Nbd7 5. e3 c6 6. Bd3 Be7 7. Bd2 h6 8. Qe2 b6 9. cxd5 exd5 10. 0-0 0-0 11. Rad1 Re8 12. Ne5 Bb7 13. f4 c5 14. Qf3 Rc8 15. g4 Ne4 16. Qg2 Nxd2 17. Qxd2 Nxe5 18. fxe5 Bg5 19. Qf2 Rc7 20. Qf3 a6 21. Rde1 Ree7 22. Qh3 Bc8 23. Qg3 Re8 24. Qf3 Bb7 25. Qh3 Bh4 26. Re2 Bg5 27. Qf3 Qd7 28. Nd1 Bc6 29. Nc3 c4 30. Bb1 b5 31. Qf5 Qxf5 32. gxf5 b4 33. Nd1 Bb5 34. Rf3 c3 35. Rg2 cxb2 36. Rxb2 Rc1 37. Bc2 Be2 38. Kf2 Bxd1 39. Bxd1 Rxd1 40. Kg3 a5 41. h4 Bd8 42. Rc2 Rd3 43. h5 Rc3 44. Rg2 Bg5 45. Re2 Rec8 46. f6 gxf6 47. exf6 R8c6 48. Rf5 Rxf6 49. Rxd5 Rxe3+ 50. Rxe3 Bxe3 51. Rd8+ Kg7 52. d5 Bf4+ 53. Kg4 Bd6 54. Ra8 Bc7 55. Rc8 Bb6 56. Rc1 Rd6 57. Kf4 a4 58. Ke4 Kf6 0-1

[Event "GER-chA Seniors 26th"]
[Site "Bad Neuenahr"]
[Date "2014.08.13"]
[Round "9"]
[White "Klein, Leo"]
[Black "Boettcher, Elke"]
[Result "1/2-1/2"]
[WhiteElo "1937"]
[BlackElo "1764"]
[PlyCount "58"]
[EventDate "2014.08.05"]
[EventType "swiss"]
[EventRounds "9"]
[EventCountry "GER"]
[SourceTitle "EXT 2018"]
[Source "ChessBase"]
[SourceDate "2017.10.13"]
[SourceVersion "1"]
[SourceVersionDate "2017.10.13"]
[SourceQuality "1"]

1. d4 d5 2. Bf4 e6 3. c3 Bd6 4. Bg3 Nf6 5. e3 Ne4 6. Nf3 Nxg3 7. hxg3 Nd7 8. Bd3 h6 9. Nbd2 c5 10. Bb5 Qa5 11. Bd3 cxd4 12. Nxd4 a6 13. N2b3 Qc7 14. f4 Nc5 15. Bc2 Bd7 16. Qg4 0-0-0 17. Qh5 Rhf8 18. 0-0-0 Rde8 19. Nxc5 Qxc5 20. Qf3 Kb8 21. e4 dxe4 22. Bxe4 Bc8 23. Nb3 Qc7 24. Bc2 Rd8 25. Rhf1 Be7 26. Nd2 Rd6 27. Ne4 Rxd1+ 28. Rxd1 Rd8 29. Rxd8 Bxd8 1/2-1/2

[Event "GER-chA Seniors 26th"]
[Site "Bad Neuenahr"]
[Date "2014.08.08"]
[Round "4"]
[White "Alvarez, Luis"]
[Black "Boettcher, Elke"]
[Result "1-0"]
[WhiteElo "1885"]
[BlackElo "1764"]
[PlyCount "120"]
[EventDate "2014.08.05"]
[EventType "swiss"]
[EventRounds "9"]
[EventCountry "GER"]
[SourceTitle "EXT 2018"]
[Source "ChessBase"]
[SourceDate "2017.10.13"]
[SourceVersion "1"]
[SourceVersionDate "2017.10.13"]
[SourceQuality "1"]

1. e4 c5 2. Nf3 Nc6 3. d4 cxd4 4. Nxd4 d6 5. c4 Nf6 6. Nc3 g6 7. Be2 Bg7 8. Be3 0-0 9. 0-0 Bd7 10. Rc1 Rc8 11. b3 Ne5 12. h3 a6 13. f4 Nc6 14. f5 Ne5 15. Qd2 Bc6 16. fxg6 fxg6 17. Nxc6 Rxc6 18. Bd4 Ned7 19. Rcd1 Rc8 20. Bf2 Qa5 21. Qc2 b5 22. Nd5 Nxd5 23. exd5 bxc4 24. Bxc4 Ne5 25. Qe2 Rf7 26. Bxa6 Ra8 27. Bb7 Qxa2 28. Rd2 Qa5 29. Bxa8 Qxa8 30. Qb5 Bh6 31. Rdd1 Qc8 32. Bd4 Rxf1+ 33. Rxf1 Bg7 34. Bxe5 Bxe5 35. Qc6 Qb8 36. b4 Bf6 37. b5 Kg7 38. Rxf6 Kxf6 39. b6 h6 40. b7 Qa7+ 41. Kh2 Qa1 42. Qc4 Qe5+ 43. Kg1 Qe3+ 44. Kf1 Qb6 45. Qc3+ Kf7 46. Qc8 Qb5+ 47. Kf2 Qxd5 48. b8Q Qd2+ 49. Kf3 Qd3+ 50. Kf2 Qd2+ 51. Kg3 Qe3+ 52. Kh2 Qf4+ 53. Kg1 Qe3+ 54. Kf1 Qd3+ 55. Ke1 Qe3+ 56. Kd1 Qg1+ 57. Kc2 Qxg2+ 58. Kb3 Qf3+ 59. Qc3 Qd1+ 60. Ka3 Qe2 1-0

[Event "GER-chA Seniors 26th"]
[Site "Bad Neuenahr"]
[Date "2014.08.07"]
[Round "3"]
[White "Boettcher, Elke"]
[Black "Mertens, Gottfried"]
[Result "1/2-1/2"]
[WhiteElo "1764"]
[BlackElo "1874"]
[PlyCount "128"]
[EventDate "2014.08.05"]
[EventType "swiss"]
[EventRounds "9"]
[EventCountry "GER"]
[SourceTitle "EXT 2018"]
[Source "ChessBase"]
[SourceDate "2017.10.13"]
[SourceVersion "1"]
[SourceVersionDate "2017.10.13"]
[SourceQuality "1"]

1. d4 f5 2. c4 Nf6 3. Nc3 g6 4. Nf3 Bg7 5. g3 d6 6. Bg2 0-0 7. 0-0 Nc6 8. Qc2 e5 9. dxe5 dxe5 10. Rd1 Qe7 11. a3 e4 12. Nd4 Nxd4 13. Rxd4 c6 14. Rd1 Be6 15. b3 Qf7 16. a4 Ng4 17. h3 Ne5 18. Ba3 Rfe8 19. Bc5 b6 20. Bd4 Rad8 21. Be3 h6 22. Rxd8 Rxd8 23. Rd1 Rd7 24. Rxd7 Qxd7 25. Qd2 Qxd2 26. Bxd2 Nd7 27. Na2 Nc5 28. Nc1 g5 29. f3 Bb2 30. fxe4 Bxc1 31. Bxc1 Nxb3 32. exf5 Bxc4 33. Bb2 c5 34. e3 Kf7 35. Kf2 a6 36. Bc6 b5 37. h4 g4 38. h5 Na5 39. Bd7 Nb7 40. axb5 axb5 41. e4 Ke7 42. Bc8 Nd6 43. f6+ Kf7 44. Bf5 Nxf5 45. exf5 Bd3 46. Ke3 Bxf5 47. Kf4 Be6 48. Ke5 b4 49. Bc1 b3 50. Bb2 c4 51. Kf4 Ke8 52. Ke5 Bf7 53. Kd4 Kd7 54. Bc3 Kc6 55. Bb2 Kb5 56. Kc3 Bxh5 57. Bc1 Bf7 58. Bxh6 Kc6 59. Bf8 Kd5 60. Be7 Ke4 61. Bd6 Kf3 62. Bf4 Ke2 63. Bg5 Kf3 64. Bf4 Ke4 1/2-1/2

[Event "GER-ch Seniors"]
[Site "Dresden"]
[Date "2012.08.13"]
[Round "5"]
[White "Boettcher, Elke"]
[Black "Schumacher, Horst"]
[Result "0-1"]
[WhiteElo "1736"]
[BlackElo "2034"]
[PlyCount "63"]
[EventDate "2012.08.09"]
[EventType "swiss"]
[EventRounds "9"]
[EventCountry "GER"]
[SourceTitle "EXT 2014"]
[Source "ChessBase"]
[SourceDate "2013.11.20"]
[SourceVersion "1"]
[SourceVersionDate "2013.11.20"]
[SourceQuality "1"]

1. d4 d5 2. c4 e6 3. Nc3 c6 4. Nf3 Nf6 5. Bg5 dxc4 6. e4 b5 7. e5 h6 8. Bh4 g5 9. Bxg5 hxg5 10. exf6 Qxf6 11. Be2 Nd7 12. a4 Bb4 13. 0-0 Bxc3 14. bxc3 g4 15. axb5 cxb5 16. Ne5 Nxe5 17. Bxg4 Nxg4 18. Qxg4 Qh4 19. Qxh4 Rxh4 20. Rfe1 Bb7 21. g3 Rh3 22. f4 Kd7 23. Re2 a6 24. Rae1 Rh5 25. Rf1 a5 26. Rb1 Bc6 27. Re3 Rhh8 28. h4 b4 29. h5 b3 30. h6 a4 31. h7 a3 32. g4 0-1

[Event "GER-ch Seniors"]
[Site "Dresden"]
[Date "2012.08.10"]
[Round "2"]
[White "Babichev, Vyacheslav"]
[Black "Boettcher, Elke"]
[Result "1-0"]
[WhiteElo "1763"]
[BlackElo "1736"]
[PlyCount "103"]
[EventDate "2012.08.09"]
[EventType "swiss"]
[EventRounds "9"]
[EventCountry "GER"]
[SourceTitle "EXT 2014"]
[Source "ChessBase"]
[SourceDate "2013.11.20"]
[SourceVersion "1"]
[SourceVersionDate "2013.11.20"]
[SourceQuality "1"]

1. b3 d5 2. Bb2 Nc6 3. e3 e5 4. Bb5 e4 5. d3 Qg5 6. g3 Bd7 7. dxe4 dxe4 8. Be2 Rd8 9. Nd2 Bf5 10. h4 Qg6 11. g4 Bc8 12. h5 Qe6 13. Nh3 Bb4 14. c3 Be7 15. Qc2 f5 16. gxf5 Qxf5 17. 0-0-0 Nf6 18. Rdg1 Rg8 19. Rg5 Qd7 20. Bc4 Rf8 21. Rxg7 Ne5 22. Be2 Qc6 23. Nf4 Neg4 24. Rf1 Nh6 25. a4 a6 26. Nc4 Nf5 27. Rgg1 b5 28. axb5 axb5 29. Na3 Bxa3 30. Bxa3 Rf7 31. Rd1 Rxd1+ 32. Rxd1 Rd7 33. Bb4 Rxd1+ 34. Qxd1 Bd7 35. Qg1 Qb6 36. Kc2 c5 37. Ba3 Qa7 38. Bb2 Qb6 39. Qg5 Ne7 40. c4 Nfg8 41. Qe5 b4 42. Nd5 Qc6 43. Nxe7 Nxe7 44. Qh8+ Kf7 45. Qxh7+ Ke8 46. Qh8+ Kf7 47. Qg7+ Ke8 48. h6 Nf5 49. Qg8+ Ke7 50. h7 Be6 51. Qg5+ Kd7 52. h8Q 1-0

[Event "Schleswig Holstein-ch (Women) 63rd"]
[Site "Molln"]
[Date "2008.05.17"]
[Round "3"]
[White "Boettcher, Elke"]
[Black "Boehme Ziska, Christine"]
[Result "0-1"]
[WhiteElo "1623"]
[BlackElo "1728"]
[PlyCount "98"]
[EventDate "2008.05.16"]
[EventType "swiss"]
[EventRounds "5"]
[EventCountry "GER"]
[SourceTitle "EXT 2010"]
[Source "ChessBase"]
[SourceDate "2010.11.25"]
[SourceVersion "1"]
[SourceVersionDate "2010.11.25"]
[SourceQuality "1"]

1. d4 d5 2. c4 e6 3. Nc3 Nf6 4. Nf3 Be7 5. Bg5 0-0 6. e3 Nbd7 7. Bd3 b6 8. 0-0 Bb7 9. Rc1 c5 10. cxd5 Nxd5 11. Bxe7 Qxe7 12. Bb1 Rac8 13. Nxd5 exd5 14. Qd3 f5 15. Rfe1 c4 16. Qc2 Rf6 17. Nh4 Rcf8 18. Qe2 g6 19. Nf3 Re6 20. Qd2 Bc8 21. b3 b5 22. Qa5 a6 23. a4 Bb7 24. axb5 axb5 25. Qxb5 Rb6 26. Qa5 Ra8 27. Qd2 Rxb3 28. Rc3 Rb6 29. Qc2 Bc6 30. Nd2 Nf6 31. f3 Qb7 32. h3 Rb2 33. Qc1 Qb4 34. g4 fxg4 35. hxg4 Kg7 36. g5 Nd7 37. e4 Nb6 38. exd5 Bxd5 39. Be4 Raa2 40. Bxd5 Rxd2 41. f4 Nxd5 42. Rf3 Re2 43. Rd1 c3 44. f5 Qb2 45. f6+ Kf7 46. Qxb2 cxb2 47. Rb3 Kf8 48. Rb8+ Re8 49. Rb5 Nc3 0-1

[Event "Schleswig Holstein-ch Veterans 63rd"]
[Site "Gross Groenau"]
[Date "2008.03.21"]
[Round "9"]
[White "Schuchardt, Heinz"]
[Black "Boettcher, Elke"]
[Result "1-0"]
[WhiteElo "1703"]
[BlackElo "1631"]
[PlyCount "65"]
[EventDate "2008.03.15"]
[EventType "swiss"]
[EventRounds "9"]
[EventCountry "GER"]
[SourceTitle "EXT 2010"]
[Source "ChessBase"]
[SourceDate "2010.11.25"]
[SourceVersion "1"]
[SourceVersionDate "2010.11.25"]
[SourceQuality "1"]

1. c4 c5 2. Nc3 Nf6 3. g3 Nc6 4. Bg2 g6 5. e3 Bg7 6. d4 cxd4 7. exd4 d6 8. Nge2 0-0 9. 0-0 a6 10. f3 Qb6 11. Kh1 e6 12. b3 Rd8 13. Be3 Qc7 14. Rc1 Qe7 15. Qd2 Nd7 16. Bg5 f6 17. Be3 Rb8 18. f4 Re8 19. d5 exd5 20. Nxd5 Qd8 21. Nd4 Nxd4 22. Bxd4 b5 23. Rfe1 Bb7 24. Rxe8+ Qxe8 25. Re1 Qd8 26. g4 bxc4 27. bxc4 Nc5 28. g5 Bxd5 29. Bxd5+ Kf8 30. Qc3 Nd7 31. c5 Rc8 32. Qh3 Nxc5 33. Qxh7 1-0

[Event "Schleswig Holstein-ch Veterans 63rd"]
[Site "Gross Groenau"]
[Date "2008.03.19"]
[Round "6"]
[White "Boettcher, Elke"]
[Black "Brodowski, Dirk Wilhelm"]
[Result "1/2-1/2"]
[WhiteElo "1631"]
[BlackElo "1553"]
[PlyCount "30"]
[EventDate "2008.03.15"]
[EventType "swiss"]
[EventRounds "9"]
[EventCountry "GER"]
[SourceTitle "EXT 2010"]
[Source "ChessBase"]
[SourceDate "2010.11.25"]
[SourceVersion "1"]
[SourceVersionDate "2010.11.25"]
[SourceQuality "1"]

1. d4 f5 2. c4 Nf6 3. Nc3 e6 4. Nf3 b6 5. Bg5 Bb7 6. e3 Be7 7. Bd3 h6 8. Bh4 d6 9. 0-0 0-0 10. Re1 Nh7 11. Bxe7 Qxe7 12. Bc2 Ng5 13. Nxg5 Qxg5 14. e4 f4 15. f3 e5 1/2-1/2

[Event "Schleswig Holstein-ch Veterans 63rd"]
[Site "Gross Groenau"]
[Date "2008.03.17"]
[Round "3"]
[White "Boettcher, Elke"]
[Black "Zuendorf, Bodo"]
[Result "1/2-1/2"]
[WhiteElo "1631"]
[BlackElo "1685"]
[PlyCount "103"]
[EventDate "2008.03.15"]
[EventType "swiss"]
[EventRounds "9"]
[EventCountry "GER"]
[SourceTitle "EXT 2010"]
[Source "ChessBase"]
[SourceDate "2010.11.25"]
[SourceVersion "1"]
[SourceVersionDate "2010.11.25"]
[SourceQuality "1"]

1. d4 b6 2. c4 Bb7 3. Nc3 e6 4. Nf3 Bb4 5. Bf4 Bxc3+ 6. bxc3 Bxf3 7. exf3 d6 8. Bd3 Ne7 9. 0-0 Nd7 10. Re1 0-0 11. Bc2 Ng6 12. Bg3 Nf6 13. Bxg6 hxg6 14. Qd2 Nh5 15. Re2 Qf6 16. Rae1 g5 17. h3 Rfe8 18. Re4 Qg6 19. Rg4 f6 20. h4 Nxg3 21. fxg3 Kf7 22. hxg5 f5 23. Rh4 Rh8 24. Qf4 Ke7 25. Kf2 Kd7 26. Reh1 Rxh4 27. gxh4 Re8 28. Re1 Qf7 29. g4 g6 30. gxf5 exf5 31. Rxe8 Kxe8 32. Qe3+ Kd7 33. Qe2 c6 34. f4 a5 35. Kg3 Qg7 36. h5 gxh5 37. Qxh5 Qe7 38. Qf3 Qe1+ 39. Kh3 Qe6 40. Qd3 Qg6 41. Qe2 Qh7+ 42. Kg3 Qg6 43. Qe3 Qh5 44. Qf3 Qe8 45. Kf2 Qf7 46. Qe2 Qh7 47. Kg3 Qh8 48. Qd3 Qf8 49. Qe3 Qf7 50. Qe2 Kc7 51. Kf2 Kd7 52. Kg3 1/2-1/2

[Event "Schleswig Holstein-ch Veterans 63rd"]
[Site "Gross Groenau"]
[Date "2008.03.16"]
[Round "2"]
[White "Droste, Eckart"]
[Black "Boettcher, Elke"]
[Result "0-1"]
[WhiteElo "1489"]
[BlackElo "1631"]
[PlyCount "124"]
[EventDate "2008.03.15"]
[EventType "swiss"]
[EventRounds "9"]
[EventCountry "GER"]
[SourceTitle "EXT 2010"]
[Source "ChessBase"]
[SourceDate "2010.11.25"]
[SourceVersion "1"]
[SourceVersionDate "2010.11.25"]
[SourceQuality "1"]

1. d4 d5 2. Bf4 Nf6 3. e3 e6 4. Nf3 c5 5. c3 Nc6 6. Bd3 Bd6 7. Ne5 0-0 8. Nd2 a6 9. h4 cxd4 10. exd4 Ne7 11. h5 b5 12. a3 Qc7 13. Bg3 Nf5 14. Bxf5 exf5 15. Qb3 Be6 16. Qc2 Rfe8 17. Bh4 Bxe5 18. dxe5 Qxe5+ 19. Kf1 Bd7 20. Nf3 Qd6 21. Bxf6 Qxf6 22. Qd2 Bc6 23. Nd4 Bd7 24. Qf4 Qe5 25. Qd2 Re7 26. Nf3 Qd6 27. h6 g6 28. Qd4 f6 29. g3 Rae8 30. Rd1 Be6 31. Re1 Bc8 32. Rxe7 Rxe7 33. Kg2 Bb7 34. Re1 Rxe1 35. Nxe1 Qe5 36. Nf3 Qxd4 37. Nxd4 Kf7 38. f4 Bc8 39. Kf2 g5 40. Kf3 Bd7 41. b4 Kg6 42. Nb3 Kxh6 43. Nc5 Bc8 44. a4 Kg6 45. axb5 axb5 46. Kf2 h5 47. Nd3 h4 48. fxg5 hxg3+ 49. Kxg3 fxg5 50. Ne5+ Kf6 51. Nc6 Bd7 52. Nd4 Ke5 53. Nf3+ Kf6 54. Nd4 Be8 55. Kf2 f4 56. Nf3 g4 57. Nd4 Ke5 58. Ne2 g3+ 59. Kg1 Ke4 60. Nc1 f3 61. Kf1 Bd7 62. Nb3 Bh3+ 0-1